000 00310nam a22001457a 4500
008 180814b xxu||||| |||| 00| 0 eng d
020 _a9780065010909
041 _aeng
080 _a37
082 _a37
100 _a25
101 _aEDU
245 _aA process of inquiry
_cGraziano.A.m
942 _2udc
_cBK
999 _c47112
_d47112